Segunda reunión conjunta de ministros de economía y de agricultura de Centroamérica

Αποθηκεύτηκε σε:
Λεπτομέρειες βιβλιογραφικής εγγραφής
Μορφή: Κείμενο
Ετικέτες: Προσθήκη ετικέτας
Δεν υπάρχουν, Καταχωρήστε ετικέτα πρώτοι!

MARC

LEADER 00000 a a2200000 04500
001 2563
003
040
245 |a Segunda reunión conjunta de ministros de economía y de agricultura de Centroamérica  
773 |g número 194; páginas 14-32  
999 |c 33133  |d 33133